000 00854nas a2200289 4500
001 BR2013004183
003 BR-BrBNA
005 20231205122408.0
007 ta
008 230509b bl.|||p| |||| 00| 00por d
040 _aBR-BrBNA
_bpor
_cBiblioteca Nacional de Agricultura
041 _a(Pt)
072 _aF62; F03
100 1 _aBrito, A.C.
100 1 _aPereira, D. de A.
100 1 _aAmaral, C.L.F.
245 1 _aInfluência da temperatura na germinação de sementes de Ocimum canum SIMS
650 _aMANJERICÃO
650 _aPLANTA PARA CONDIMENTO
650 _aSEMENTE
650 _aGERMINAÇÃO
650 _aTEMPERATURA
650 _aFISIOLOGIA VEGETAL
773 0 _tCaatinga (Brazil)
_xISSN 0100-316X
_g(Oct-Dez 2006), v. 19(4) p. 397-401
_wBR2013004183
909 _a202311
_bLúcia
_c55
_dLúcia Elande
942 _2AGRIS
_n0
_cANA
999 _c228427
_d228427